The Endurance of Nationalism (Record no. 573759)

MARC details
000 -LEADER
fixed length control field 00396nam a2200157Ia 4500
008 - FIXED-LENGTH DATA ELEMENTS--GENERAL INFORMATION
fixed length control field 250624s9999 xx 000 0 und d
020 ## - INTERNATIONAL STANDARD BOOK NUMBER
ISBN 9780521842679
082 ## - DEWEY DECIMAL CLASSIFICATION NUMBER
Classification number 320.54
Item number ROS
100 ## - MAIN ENTRY--AUTHOR NAME
Personal name Roshwald, Aviel
245 #4 - TITLE STATEMENT
Title The Endurance of Nationalism
260 ## - PUBLICATION, DISTRIBUTION, ETC. (IMPRINT)
Name of publisher Cambridge University Press
Year of publication 2006
300 ## - PHYSICAL DESCRIPTION
Number of Pages 36 pages
650 ## - SUBJECT ADDED ENTRY--TOPICAL TERM
Topical Term History
942 ## - ADDED ENTRY ELEMENTS (KOHA)
Koha item type English Books
Holdings
Withdrawn status Lost status Damaged status Not for loan Home library Current library Shelving location Date acquired Cost, normal purchase price Full call number Accession Number Price effective from Koha item type
        Anna Centenary Library Anna Centenary Library 3RD FLOOR, B WING 24.06.2025 6930.00 320.54 ROS 240492 24.06.2025 Reference

Find us on the map